Lactología técnica : (Record no. 149401)

MARC details
000 -LEADER
campo de control de longitud fija 00769nam a2200193 i 4500
001 - NÚMERO DE CONTROL
campo de control 149401
003 - IDENTIFICADOR DE NÚMERO DE CONTROL
campo de control ES-MaACL
005 - FECHA Y HORA DE LA ÚLTIMA TRANSACCIÓN
campo de control 20230906203103.0
007 - CAMPO FIJO DE DESCRIPCIÓN FÍSICA--INFORMACIÓN GENERAL
campo de control de longitud fija t|
008 - DATOS DE LONGITUD FIJA--INFORMACIÓN GENERAL
campo de control de longitud fija 071022s1971 sp ||||1| spa d
100 1# - ENTRADA PRINCIPAL--NOMBRE DE PERSONA
Nombre de persona Veisseyre, Roger.
9 (RLIN) 113667
245 10 - MENCIÓN DEL TÍTULO
Título Lactología técnica :
Resto del título recogida, tratamiento y transformación de la leche en países templados y calientes /
Mención de responsabilidad, etc. Roger Veisseyre ; traducido de la 2ª edición francesa por el Dr. Justino Burgos González... y D. José Luis Teresa Heredia.
260 ## - PUBLICACIÓN, DISTRIBUCIÓN, ETC.
Lugar de publicación, distribución, etc. Zaragoza :
Nombre del editor, distribuidor, etc. Acribia,
Fecha de publicación, distribución, etc. [1971]
300 ## - DESCRIPCIÓN FÍSICA
Extensión XXVIII, 643 p. :
Otras características físicas il. ;
Dimensiones 25 cm.
650 #4 - PUNTO DE ACCESO ADICIONAL DE MATERIA--TÉRMINO DE MATERIA
Término de materia o nombre geográfico como elemento de entrada Leche-
Subdivisión general Procesado.
9 (RLIN) 172638
700 1# - ENTRADA AGREGADA--NOMBRE PERSONAL
Nombre de persona Burgos González, Justino.
9 (RLIN) 32663
700 1# - ENTRADA AGREGADA--NOMBRE PERSONAL
Nombre de persona Teresa Heredia, José Luis.
9 (RLIN) 109740
852 ## - LOCALIZACIÓN
Ubicación ES-MaACL
Número de control de estantería C-43471
Holdings
Estatus retirado Estado de pérdida Estado de daño No para préstamo Biblioteca de origen Biblioteca actual Ubicación en estantería Fecha de adquisición Fuente de adquisición Total de préstamos Signatura topográfica completa Código de barras Visto por última vez Precio de reemplazo Tipo de ítem Koha
        Biblioteca del Ateneo de Madrid Biblioteca del Ateneo de Madrid Depósito 2 17/01/2008     C-43471 1155902 23/02/2023 23/02/2023 Libro impreso